<?xml version="1.0" encoding="UTF-8"?><?xml-stylesheet type="text/xsl" href="static/style.xsl"?><OAI-PMH xmlns="http://www.openarchives.org/OAI/2.0/" xmlns:xsi="http://www.w3.org/2001/XMLSchema-instance" xsi:schemaLocation="http://www.openarchives.org/OAI/2.0/ http://www.openarchives.org/OAI/2.0/OAI-PMH.xsd"><responseDate>2026-04-17T01:10:08Z</responseDate><request verb="GetRecord" identifier="oai:www.recercat.cat:2072/429563" metadataPrefix="marc">https://recercat.cat/oai/request</request><GetRecord><record><header><identifier>oai:recercat.cat:2072/429563</identifier><datestamp>2025-04-27T03:13:40Z</datestamp><setSpec>com_2072_98</setSpec><setSpec>col_2072_378192</setSpec></header><metadata><record xmlns="http://www.loc.gov/MARC21/slim" xmlns:dcterms="http://purl.org/dc/terms/" xmlns:xsi="http://www.w3.org/2001/XMLSchema-instance" xmlns:doc="http://www.lyncode.com/xoai" xsi:schemaLocation="http://www.loc.gov/MARC21/slim http://www.loc.gov/standards/marcxml/schema/MARC21slim.xsd">
   <leader>00925njm 22002777a 4500</leader>
   <datafield ind2=" " ind1=" " tag="042">
      <subfield code="a">dc</subfield>
   </datafield>
   <datafield ind2=" " ind1=" " tag="720">
      <subfield code="a">Torrebadella Flix, Xavier</subfield>
      <subfield code="e">author</subfield>
   </datafield>
   <datafield ind2=" " ind1=" " tag="720">
      <subfield code="a">Domínguez Montes, José Antonio</subfield>
      <subfield code="e">author</subfield>
   </datafield>
   <datafield ind2=" " ind1=" " tag="260">
      <subfield code="c">2018</subfield>
   </datafield>
   <datafield ind2=" " ind1=" " tag="520">
      <subfield code="a">En la educación física contemporánea la llamada "guerra de métodos", se materializó, entre finales del siglo XIX y principios del XX, una discusión que trascendió al foro científico y técnico. Las disputas europeas entre países encontraron en los movimientos gimnásticos emergentes del siglo XIX una proyección de identidades y aspiraciones nacionales. En España, esta apasionante dialéctica en torno a las ventajas y desventajas de la educación física o de los movimientos gimnásticos preconizados en Europa, provocó la necesidad de cubrir el vacío existencial de un método propio, aclimatado a las características de la raza latina. Como veremos este discurso afloró en los ambientes regeneracionistas de principios del siglo pasado, proporcionando uno de los rasgos más característicos de las penurias y desolaciones en el desarrollo de la educación física en España. El objeto de estudio es el de hilvanar una primera argumentación que aborde la "guerra de los métodos", en el campo académico propio, especialmente centrado en la educación física escolar y su desarrollo en España, entre 1806 y 1936. El estudio histórico-documental del problema se aborda desde una rigurosa selección de fuentes y textos originales y el análisis hermenéutico de los mismos en relación al contexto histórico a cerca de los movimientos gimnásticos y deportivos de la educación física entre 1806 a 1936. Concluimos que, generalmente, en España, el método gimnástico dominante para atender la educación física escolar, hasta inicios de siglo XX, fue la gimnástica de Francisco Amorós y la "gimnasia higiénica de sala" del doctor Schreber; para luego ser suplantada por los juegos corporales y, también, por la gimnasia sueca, cuya influencia llegó a través de Francia, y más tarde, se destacó la presencia de un cierto movimiento ecléctico hacia el método natural de Hébert y los juegos deportivos</subfield>
   </datafield>
   <datafield tag="653" ind2=" " ind1=" ">
      <subfield code="a">Escuelas gimnásticas</subfield>
   </datafield>
   <datafield tag="653" ind2=" " ind1=" ">
      <subfield code="a">Guerra de métodos</subfield>
   </datafield>
   <datafield tag="653" ind2=" " ind1=" ">
      <subfield code="a">Educación física</subfield>
   </datafield>
   <datafield tag="653" ind2=" " ind1=" ">
      <subfield code="a">Gymnastic schools</subfield>
   </datafield>
   <datafield tag="653" ind2=" " ind1=" ">
      <subfield code="a">War of methods</subfield>
   </datafield>
   <datafield tag="653" ind2=" " ind1=" ">
      <subfield code="a">Physical education</subfield>
   </datafield>
   <datafield ind2="0" ind1="0" tag="245">
      <subfield code="a">Las escuelas gimnásticas en España : un enfrentamiento técnico doctrinal en la educación física (1806-1936)</subfield>
   </datafield>
</record></metadata></record></GetRecord></OAI-PMH>